000 00738nam a2200241Ia 4500
003 OSt
005 20220918191316.0
006 a|||||r|||| 00| 0
007 ta
008 220917b |||||||| |||| 00| 0 eng d
024 _a62,496
037 _cTextual
040 _aARTS
_cARTS
_beng
041 _2eng
_aeng
082 _aQ44, M0
100 _aNagarjuna Arya
_975622
245 0 _aMahayana purification
_b the confession sutra with commentry and the practice of Vajrasattva with sadhana tr and ed by Brian C Beresford
260 _aDharamsala
_bLib of Tibetan Works and Archives
_c1980
300 _a127p.
_ccm.
650 _aRELIGION
942 _hQ44, M0
_cTEXL
_2CC
999 _c189173
_d189173